000 00896nam a2200217 a 4500
001 21697
003 CO-ViMGA
008 141112s2004 ck r 000 u spa d
020 _a8481647128
040 _aCO-ViMGA
_bspa
_cCO-ViMGA
082 0 4 _a345 B877n
100 1 _aBustos Ramírez, Juan J.; Hormazábal Malaree, Hernán
_930970
245 1 0 _aNuevo Sistema de Derecho Penal
260 _aMadrid :
_bTrotta,
_c2004
300 _a142
490 _aEstructuras y procesos
505 _aControl social y derecho penal 19 - - Política criminal y derecho penal subjetivo 25 - - La teoría de las normas 41 - - El injusto de acción culposo 97 - - La teoría de la determinación de la pena 135
590 _aForma de adquisición : Donación fact. 8859 - - Precio : 44200 - - Proveedor : Fundación exito - - Fecha de adquisición : Junio 2007
650 1 4 _aDERECHO PENAL
942 _2ddc
_cBK
999 _c30260
_d30260